Statistiche per Quiz sulla Città del Vaticano

Clicka qui per fare il quiz!

Statistiche generali

  • Questo quiz è stato fatto 3.004 volte
  • Il punteggio medio è 13 su 18

Statistiche sulle risposte

DomandaRisposta% Corretto
Città che circonda il VaticanoRoma
100%
Lingua utilizzata nelle comunicazioni ufficialiItaliano
96%
Attuale sovranoFrancesco
95%
Il Vaticano è l'unico paese in cui gli sportelli automatici hanno questa lingua come opzioneLatino
94%
Il Vaticano è il paese più _______ del mondo, solo 0,49 chilometri quadratipiccolo
93%
Persona che ha dipinto il soffitto della Cappella SistinaMichelangelo
88%
Fiume vicino al quale si trova il VaticanoTevere
86%
Si pensa che il Vaticano abbia il più alto consumo pro capite di questa bevandaVino
82%
La chiesa più grande del mondoSan Pietro
81%
Nome dello Stato di cui i pontefici sono stati sovrani dal 751 al 1870Stato {Pontificio}
77%
Termine per indicare le cose sotto la giurisdizione del papa, che comprende il Vaticano
ma anche altri beni ecclesiastici
Santa {Sede}
67%
Oggetti che compaiono sulla bandieraChiavi
61%
Guardie del corpo del papaGuardie Svizzere
61%
Nome degli accordi sottoscritti tra Italia e Santa Sede nel 1929Patti Lateranensi
61%
Solo il 5% circa della popolazione del Vaticano è costituito da ____, il più basso di qualsiasi paeseDonne
52%
Persone che eleggono il papaCollegio {Cardinalizio}
24%
Oggetti che compaiono sulla bandieraTiara
20%
Residenza ufficiale del papaPalazzo {Apostolico}
17%

Distribuzione punteggi

Percentile per numero di risposta

Percentuale di utenti per punteggio

I tuoi punteggi nel tempo

Non hai fatto questo quiz